1203 1876 1797 1250 1684 1445 1419 1968 1296 1746 1789 1132 1407 1125 1620 1980 1530 1738 1999 1851 1053 1889 1906 1435 1742 1891 1443 1466 1298 1504 1391 1742 1338 1247 1466 1019 1394 1993 1765 1502 1609 1037 1417 1901 1094 1634 1888 1407 1854 1562 1752 1841 1489 1446 1260 1761 1341 1920 1301 1474 1225 1882 1482 1338 1943 1656 1481 1842 1329 1224 1236 1458 1783 1336 1199 1480 1918 1537 1650 1736 1775 1287 1889 1225 1416 1807 1434 1229 1643 1300 1375 1267 1141 1692 1679 1384 1819 1710 1800 BCNSPRNW ULIB Ver.6.0+V

เปลี่ยนเป็นภาษาไทย

Change to English
 แสดงรายละเอียดบรรณานุกรม
  กลับหน้าหลัก

Brief Record : Get Marc (ISO 2709) : E-mail record : QR code < ปิดหน้าต่าง
LEADER : 00000nam 2200000uu 4500
001    13399111023
003     ULIB
008    110615s||||||||th 000 0 tha d
020    9742779309
050  4 B721^bบ527ป 2545
100 0  บุญมี แท่นแก้ว
245 10 ปรัชญาฝ่ายบุรพทิศ /^cบุญมี แท่นแก้ว
260    กรุงเทพฯ :^bโอเดียนสโตร์,^c2545
300    193 หน้า
504    บรรณานุกรมท้ายเล่ม
650  4 ปรัชญาตะวันออก
945    ^p150^l0^i023130
945    ^p150^l0^i023131
995    ทศพร
999 ^a ใช้งานได้ทุกระบบ
รายการนี้ยังไม่มีแท็ก
คุณยังไม่ได้ล็อกอิน คุณสามารถมีกิจกรรมร่วมกับเว็บไซต์ได้ แต่ต้องล็อกอินก่อน ::
  ล็อกอิน

รายการสื่อสารสนเทศ

ลำดับที่ ประเภท เลขเรียก/บาร์โค้ด สถานที่ สถานะ
- ไม่พบข้อมูล -

BibComment


ยังไม่เคยถูกคอมเมนท์

คอมเมนท์ทรัพยากรรายการนี้
  คอมเมนท์: ปรัชญาฝ่ายบุรพทิศ..


 Copyright 2026. Bcnsprnw @Library